000 00781nam a2200277Ia 4500
003 OSt
005 20221006153036.0
006 a|||||r|||| 00| 0
007 ta
008 221006b |||||||| |||| 00| 0 kor d
020 _cW13,000
024 _a31,111
037 _bGift, Korea Foundation
_cTextual
040 _aEASL
_cEASL
_bkor
041 _2kor
_akor
082 _aY:88, 495P3
100 _aPARK Kil Soon Au.
_9662274
245 0 _aJaemiittnun
_b Phaesyoun-ui-segye
260 _aDaejon
_bChhungnam University Publishing Department Korea
_c2003
300 _a336p.
_ccm.
490 _v KL
650 _a KL
650 _aFashion
_9662275
942 _hY:88, 495P3
_cTEXL
_2CC
999 _c1099197
_d1099197